00257nam a22001097a 4500008004100000020001800041041000800059080000800067100000700075101000800082245005700090180912b xxu||||| |||| 00| 0 eng d a9780195046052 aeng a341 a17 aHIS aA Social History American Technology cCowan.R.S